| 000 | 00809nam a22002297a 4500 | ||
|---|---|---|---|
| 003 | NALT | ||
| 005 | 20250902153603.0 | ||
| 008 | s2013 eng d | ||
| 020 | _a9781107025363 | ||
| 040 | _aNALT | ||
| 041 | _aeng | ||
| 050 |
_aHN 10.R7 _bS85E 2013 |
||
| 100 | 1 |
_aSwain, Simon _935507 |
|
| 245 | 1 | 0 |
_aEconomy, family, and society from Rome to Islam : _ba critical edition, English translation, and study of Bryson's management of the estate / _cSimon Swain. |
| 260 |
_aCambridge : _bCambridge University Press, _c2013. |
||
| 300 |
_a573 p. ; _b _c24 cm. |
||
| 600 | 1 | 0 |
_aBryson, Oilkonomikos logos _935511 |
| 650 | 0 |
_aElite (Social sciences) _935509 _yEarly works to 1800 _zRome |
|
| 651 | 0 |
_935510 _aRome _xSocial conditions _yEarly works to 1800 |
|
| 850 | _aNALT | ||
| 942 |
_cGB _2lcc |
||
| 999 |
_c74040 _d74040 |
||
| 998 |
_j104 _k นางสาวสายฝน ดีงาม |
||